Computing for scientists and engineers. A workbook of analysisi, numerics, and applications / William J. Thompson (Registro nro. 21147)

Detalles MARC
000 -LÍDER
fixed length control field 00576nam a2200145 4500
008 - ELEMENTOS DE LONGITUD FIJA -- INFORMACIÓN GENERAL
fixed length control field 0 1992 0a 000 0USA
020 ## - NÚMERO INTERNACIONAL NORMALIZADO PARA LIBROS
ISBN 0-471-54718-2
050 ## - SIGNATURA TOPOGRAFICA DE LA BIBLIOTECA DEL CONGRESO (LC)
Número de Clasificación QA297 T5
082 ## - NUMERO DE CLASIFICACION DECIMAL DEWEY
Número de Clasificación 519.40285 T773c
100 ## - ASIENTO PRINCIPAL--NOMBRE PERSONAL
Nombre personal Thompson, William J.
245 ## - TÍTULO
Título Computing for scientists and engineers. A workbook of analysisi, numerics, and applications / William J. Thompson
260 ## - PUBLICACIÓN, DISTRIBUCIÓN, ETC. (PIE DE IMPRENTA)
Lugar de publicación, distribución, etc. USA : John Wiley
300 ## - DESCRIPCIÓN FÍSICA
Extensión xiii, 444 p. / 24 cm
650 ## - ASIENTO SECUNDARIO DE MATERIA - TERMINO TEMÁTICO
Término temático o nombre geográfico como elemento de entrada 1. ANALISIS NUMERICO-- PROCESAMIENTO DE DATOS INGENIERIA--PROCESAMIENTO DE DATOS 3. CIENCIAS-- PROCESAMIENTO DE DATOS
Existencias
No. biblioteca No. biblioteca Número de clasificación Código de barras/Número de adquisición Número de copia Tipo de material
LUIS G. INCLAN LUIS G. INCLAN 519.40285 T773c 23897 6 Libros
LUIS G. INCLAN LUIS G. INCLAN 519.40285 T773c 23895 4 Libros
Calzada Tecnológico # 27, Zacatepec, Morelos.
01(734) 343-07-23 / 343-21-10 / 343-21-11
Apdo. Postal 45 C.P 62780